| 000 -LEADER |
| fixed length control field |
00702nam a2200229Ia 4500 |
| 001 - CONTROL NUMBER |
| control field |
16466 |
| 003 - CONTROL NUMBER IDENTIFIER |
| control field |
GE_BSU |
| 008 - FIXED-LENGTH DATA ELEMENTS--GENERAL INFORMATION |
| fixed length control field |
181216s||||||||xx |||||||||||||| ||und|| |
| 020 ## - INTERNATIONAL STANDARD BOOK NUMBER |
| International Standard Book Number |
978-2011558169 |
| 040 ## - CATALOGING SOURCE |
| Transcribing agency |
GE_BSU |
| 080 ## - UNIVERSAL DECIMAL CLASSIFICATION NUMBER |
| Universal Decimal Classification number |
811.133.1 |
| 100 ## - MAIN ENTRY--PERSONAL NAME |
| Personal name |
Berthet,Annie. Corina Brllant,emanuel daill,Caterine Hugont,Véronique M Kizirian, Monique Waendendries ` |
| 245 ## - TITLE STATEMENT |
| Title |
Alter Ego + A1. Guide pédagogique : methode de francais |
| 260 ## - PUBLICATION, DISTRIBUTION, ETC. |
| Place of publication, distribution, etc. |
Paris |
| 260 ## - PUBLICATION, DISTRIBUTION, ETC. |
| Name of publisher, distributor, etc. |
Hachette Français Langue Etrangère |
| 260 ## - PUBLICATION, DISTRIBUTION, ETC. |
| Date of publication, distribution, etc. |
2012 |
| 300 ## - PHYSICAL DESCRIPTION |
| Extent |
256 p.:ill.;28cm. |
| 653 ## - INDEX TERM--UNCONTROLLED |
| Uncontrolled term |
Alter Ego + A1 |
| 653 ## - INDEX TERM--UNCONTROLLED |
| Uncontrolled term |
ფრანგული ენა,გრამატიკა |
| 942 ## - ADDED ENTRY ELEMENTS (KOHA) |
| Koha item type |
წიგნი |